[Event "1st Serbian League Women"]
[Site "Zlatibor SRB"]
[Date "2007.08.25"]
[Round "5"]
[White "Marcetic,Ma"]
[Black "Urosevic,M"]
[Result "1-0"]
[WhiteElo "2199"]
[BlackElo "2072"]

1.e4 c5 2.Nf3 e6 3.d4 cxd4 4.Nxd4 Nc6 5.Nc3 Qc7 6.Be2 a6 7.O-O Nf6 8.Be3 Bb4
9.Na4 Bd6 10.g3 Be7 11.Nxc6 bxc6 12.Nb6 Rb8 13.Nxc8 Qxc8 14.e5 Nd5 15.Bc1 Bc5
16.Bd3 a5 17.Qg4 Kf8 18.c3 Qc7 19.Qc4 Qa7 20.Be4 h5 21.h4 g6 22.Qe2 Qc7 23.Bxd5 cxd5
24.Rb1 f5 25.Bd2 Kf7 26.b4 Bb6 27.Rfc1 Qc4 28.Qxc4 dxc4 29.Bf4 Rhc8 30.Rd1 Ke8
31.a3 a4 32.Rd6 Rc6 33.Rbd1 Rc7 34.Kf1 Rbb7 35.Ke2 Rb8 36.Be3 Bxe3 37.Kxe3 Rb5
38.Kf4 Rbb7 39.R1d4 Ra7 40.Rb6 Ke7 41.Rdd6 Ra8 42.Ra6 Raa7 43.Rxa7 Rxa7 44.Ke3 Rb7
45.Kd4 Rc7 46.Ra6 Kd8 47.Rxa4 Ke7 48.Ra6 Kd8 49.a4 Kc8 50.a5 Kb7 51.Rb6+ Ka7
52.Rb5 Ka6 53.Rc5  1-0

[Event "XIX Open"]
[Site "Porto San Giorgio ITA"]
[Date "2007.08.27"]
[Round "7"]
[White "Calzetta,M"]
[Black "Rotstein,A"]
[Result "0-1"]
[WhiteElo "2278"]
[BlackElo "2515"]

1.e4 c5 2.Nc3 Nc6 3.Nf3 e6 4.d4 cxd4 5.Nxd4 Qc7 6.Be3 a6 7.Qd2 Nf6 8.O-O-O Be7
9.f3 O-O 10.g4 b5 11.g5 Ne8 12.Rg1 Bb7 13.Kb1 Rc8 14.Bd3 Ne5 15.h4 Bb4 16.Qh2 Nxd3
17.Qxc7 Rxc7 18.Rxd3 Bxc3 19.Rxc3 Rxc3 20.bxc3 Nd6 21.Nb3 Nc4 22.Bc5 d6 23.Bb4 f5
24.gxf6 Rxf6 25.Bxd6 Rxf3 26.e5 Rxc3 27.Bb4 Rh3 28.Nc5 Bd5 29.Nxa6 Rxh4 30.Nc7 Nxe5
31.Bc3 Rg4 32.Rd1 Nc4 33.Nxb5 h5 34.a4 h4 35.Nc7 Be4 36.Re1 Kh7 37.Nxe6 h3
38.Nf8+ Kh6 39.Ne6 h2  0-1

[Event "15th Open"]
[Site "Nikea GRE"]
[Date "2007.08.28"]
[Round "7"]
[White "Gharamian,T"]
[Black "Banikas,H"]
[Result "1/2-1/2"]
[WhiteElo "2517"]
[BlackElo "2567"]

1.e4 c5 2.Nf3 e6 3.d4 cxd4 4.Nxd4 Nc6 5.Nc3 Qc7 6.Be3 a6 7.Qd2 Nf6 8.O-O-O Bb4
9.f3 Ne5 10.Nb3 b5 11.Qd4 Nc6 12.Qb6 Qxb6 13.Bxb6 Bxc3 14.bxc3 d5 15.Bd3 dxe4
16.Bxe4 Nxe4 17.fxe4 O-O 18.Bc7 Ra7 19.Bd6 Re8 20.e5 f6 21.exf6 gxf6 22.Rhf1 Rf7
23.Bg3 Ne7 24.Nc5 Nf5 25.Bf2 h5 26.Rde1 Kh7 27.h3 e5 28.g4 hxg4 29.hxg4 Nd6
30.g5 fxg5 31.Rh1+ Kg6 32.Be3 Rf3 33.Rhg1 g4 34.Nd3 Bf5 35.Bc5 Nc4 36.Bd4 Kf6
37.Nxe5 Nxe5 38.Rxe5 Rxe5 39.Re1 Kg5 40.Rxe5 g3 41.a4 Rf1+ 42.Kb2 bxa4 43.Ra5 Rf2
44.Rxa4 Bxc2 45.Bxf2 gxf2 46.Ra1 Bd3 47.Kb3 Kf4 48.c4 Ke4 49.Kc3 Be2 50.c5 Kd5
51.Kd2 Bb5 52.Ke3 f1=Q 53.Rxf1 Bxf1 54.Kd2  1/2-1/2

[Event "IV RUS-CHN Match"]
[Site "Nizhniy Novgorod RUS"]
[Date "2007.08.28"]
[Round "8"]
[White "Ni Hua"]
[Black "Jakovenko,D"]
[Result "0-1"]
[WhiteElo "2681"]
[BlackElo "2735"]

1.e4 c5 2.Nf3 e6 3.d4 cxd4 4.Nxd4 Nc6 5.Nc3 Qc7 6.Be2 a6 7.O-O Nf6 8.Kh1 Be7
9.f4 d6 10.Be3 O-O 11.Qe1 Nxd4 12.Bxd4 b5 13.a3 Bb7 14.Qg3 Rad8 15.Rae1 Rd7
16.Bd3 Re8 17.e5 dxe5 18.Bxe5 Qd8 19.Ne4 Nh5 20.Qe3 Nf6 21.Bxf6 Bxf6 22.Nc5 Bxg2+
23.Kxg2 Bd4 24.Bxh7+ Kh8 25.Qh3 Bxc5 26.Re5 Bd4 27.Re4 Bf6 28.Qh5 g6 29.Bxg6+ Kg7
30.Qh7+ Kf8 31.Bh5 Rd2+ 32.Kh1 Bg7 33.Bxf7 Kxf7 34.f5 Rxh2+ 35.Qxh2 Rh8 36.fxe6+ Ke7
37.Rf7+ Ke8 38.Qxh8+ Bxh8 39.Kg2 Qd5 40.Rf4 Bxb2 41.c4 bxc4  0-1

[Event "1st Serbian League Men"]
[Site "Zlatibor SRB"]
[Date "2007.08.28"]
[Round "7"]
[White "Nevednichy,V"]
[Black "Tosic,M"]
[Result "1/2-1/2"]
[WhiteElo "2523"]
[BlackElo "2437"]

1.e4 c5 2.Nf3 e6 3.d4 cxd4 4.Nxd4 Nc6 5.Nc3 Qc7 6.Nb3 a6 7.f4 d6 8.Bd3 Nf6
9.O-O Be7 10.Qf3 b5 11.Bd2 O-O 12.Kh1 Bb7 13.Rae1 Nb4 14.Qh3 Nxd3 15.cxd3 b4  1/2-1/2

[Event "1st Serbian League Men"]
[Site "Zlatibor SRB"]
[Date "2007.08.28"]
[Round "7"]
[White "Djukic,Ni"]
[Black "Rajkovic,Du"]
[Result "1-0"]
[WhiteElo "2531"]
[BlackElo "2522"]

1.e4 c5 2.Nf3 e6 3.d4 cxd4 4.Nxd4 Nc6 5.Nc3 a6 6.Be2 Qc7 7.O-O Nf6 8.Kh1 h5
9.Nxc6 bxc6 10.f4 d5 11.exd5 cxd5 12.f5 Bd6 13.fxe6 fxe6 14.Bg5 Be5 15.Bd3 Kf7
16.Qf3 Rb8 17.Rae1 Rxb2 18.Nxd5 exd5 19.Qxd5+ Be6 20.Qxe5 Qxe5 21.Rxe5 Bxa2
22.Ra5 Be6 23.Rxa6 Rhb8 24.Raa1 Bd5 25.h3 Re8 26.Ra4 Re5 27.Bh4 Re7 28.Kh2 Re3
29.Bf2 Re6 30.Rf4 Rb7 31.Bd4 Rc7 32.c3 Rb7 33.R1f2 Ke7 34.Rf5 Kd6 35.Bxf6 gxf6
36.Rxf6 Rc7 37.Rxe6+ Bxe6 38.Be2 h4 39.Rf4 Rh7 40.Kg1 Ke5 41.Rd4 Bd5 42.Kf2 Rf7+
43.Bf3 Bxf3 44.gxf3 Rh7 45.Ke3 Rh8 46.c4 Ke6 47.Rg4 Ke5 48.Rg5+ Kf6 49.Kf4 Rc8
50.c5 Ra8 51.Rf5+ Ke6 52.Kg4 Ra1 53.Rh5 Ra4+ 54.f4 Rc4 55.c6 Kf7 56.Rh6 Kg7
57.Rd6 Kf7 58.Kg5 Ke7 59.Rh6 Kf7 60.f5 Kf8 61.Rf6+  1-0

[Event "1st Serbian League Women"]
[Site "Zlatibor SRB"]
[Date "2007.08.28"]
[Round "8"]
[White "Stojanovic,An"]
[Black "Mladenovic,J"]
[Result "1-0"]
[WhiteElo "2235"]
[BlackElo "2114"]

1.e4 c5 2.Nc3 Nc6 3.Nf3 e6 4.d4 cxd4 5.Nxd4 Qc7 6.Be3 Nf6 7.a3 a6 8.Be2 b5
9.Nxc6 dxc6 10.f4 Bb7 11.O-O c5 12.e5 Nd5 13.Nxd5 Bxd5 14.c4 bxc4 15.Qc2 Be7
16.Bxc4 O-O 17.Rac1 Rfc8 18.Rfd1 Qb7 19.Qf2 Bxc4 20.Rxc4 Qb3 21.Rdc1 Rd8
22.R4c3 Qa4 23.Qc2 Qxc2 24.R1xc2 Rd1+ 25.Kf2 g5 26.fxg5 Rd5 27.h4 Rxe5 28.Bxc5 Bxc5+
29.Rxc5 Rxc5 30.Rxc5 Rb8 31.b4 Rb6 32.Ke3 Kg7 33.Ke4 Kg6 34.g4 Kg7 35.h5 h6
36.gxh6+ Kxh6 37.Rc7 f6 38.Rf7 Kg5 39.Rg7+ Kh4 40.h6 f5+ 41.gxf5 exf5+ 42.Kxf5 Rxh6
43.Rg6 Rh5+ 44.Ke4 a5 45.Kd4 axb4 46.axb4 Rf5 47.Kc4 Kh5 48.Rg8 Rf4+ 49.Kb5 Rf5+
50.Kb6 Rf6+ 51.Ka5  1-0

[Event "XIX Open"]
[Site "Porto San Giorgio ITA"]
[Date "2007.08.29"]
[Round "9"]
[White "Mrdja,M"]
[Black "Calavalle,G"]
[Result "0-1"]
[WhiteElo "2385"]
[BlackElo "2212"]

1.e4 c5 2.Nf3 e6 3.Nc3 Nc6 4.d4 cxd4 5.Nxd4 Nf6 6.Nxc6 dxc6 7.Bd3 e5 8.Bg5 Be7
9.Qe2 Nxe4 10.Qxe4 Bxg5 11.Qxe5+ Qe7 12.Qxe7+ Bxe7 13.O-O-O Be6 14.Rhe1 O-O-O
15.a3 Rhe8 16.h3 Kc7 17.f4 Bh4 18.Re2 g6 19.g4 Bd7 20.Rf1 Rxe2 21.Nxe2 Re8
22.Kd2 Bf6 23.c3 Bg7 24.f5 Bh6+ 25.Kc2 gxf5 26.gxf5 Re3 27.Ng1 Rg3 28.h4 Rg4
29.Nf3 Rf4  0-1

[Event "1st Serbian League Men"]
[Site "Zlatibor SRB"]
[Date "2007.08.29"]
[Round "8"]
[White "Velimirovic,D"]
[Black "Cabrilo,G"]
[Result "0-1"]
[WhiteElo "2442"]
[BlackElo "2496"]

1.e4 c5 2.Nf3 Nc6 3.d4 cxd4 4.Nxd4 e6 5.Nc3 a6 6.f4 Nxd4 7.Qxd4 b5 8.Qf2 Bb7
9.Bd3 Rc8 10.Be3 Qc7 11.e5 f5 12.O-O-O Bb4 13.Bd4 Ne7 14.Rhg1 Bxc3 15.Bxc3 Be4
16.Bb4 Bxd3 17.Rxd3 Qc4 18.Rd4 Qxa2 19.Bxe7 Qa1+ 20.Kd2 Qxb2 21.Rc1 Kxe7
22.Rd3 Rc7 23.Qh4+ Kf7 24.Rg3 Qd4+ 25.Ke1 Rg8 26.Rd1 Qg1+ 27.Kd2 Qf2+ 28.Kd3 Qxc2+  0-1

[Event "Kalamaria Open"]
[Site "Thessaloniki GRE"]
[Date "2007.08.30"]
[Round "7"]
[White "Shavtvaladze,N"]
[Black "Katzir,M"]
[Result "1-0"]
[WhiteElo "2386"]
[BlackElo "2262"]

1.e4 c5 2.Nf3 e6 3.d4 cxd4 4.Nxd4 Nc6 5.Nc3 Qc7 6.Be3 a6 7.f4 b5 8.Be2 Bb7
9.O-O Na5 10.Qd3 b4 11.Nb1 Nf6 12.Nd2 d5 13.e5 Ne4 14.Nxe4 dxe4 15.Qd1 Rd8
16.c3 Bc5 17.Kh1 Nc6 18.Qa4 Qa5 19.Qxa5 Nxa5 20.Rfd1 bxc3 21.Nc6 Nxc6 22.Bxc5 Rd5
23.Rxd5 exd5 24.bxc3 Kd7 25.Rb1 Kc7 26.Bd6+ Kc8 27.Bg4+ f5 28.exf6  1-0

[Event "IX Sants Open"]
[Site "Barcelona ESP"]
[Date "2007.08.31"]
[Round "8"]
[White "Salgado Lopez,I"]
[Black "Gonzalez Garcia,J"]
[Result "1/2-1/2"]
[WhiteElo "2456"]
[BlackElo "1914"]

1.e4 c5 2.Nf3 e6 3.d4 cxd4 4.Nxd4 Nc6 5.Nc3 d6 6.Bc4 Nf6 7.O-O Be7 8.Be3 O-O
9.f4 d5 10.exd5 exd5 11.Be2 Re8 12.Nxc6 bxc6 13.Bd4 Bb4 14.Kh1 Ba5 15.Bf3 Bf5
16.Rc1 Bb6 17.b3 Bxd4 18.Qxd4 Bg4 19.h3 Bxf3 20.Rxf3 Qd6 21.Rd1 Re7 22.Na4 Rae8
23.c4 Re4 24.Qxa7 Rxf4 25.Qc5 Qe5 26.Rxf4 Qxf4 27.Qxc6 Qg3 28.cxd5 Re1+ 29.Rxe1 Qxe1+
30.Kh2 Ng4+ 31.hxg4  1/2-1/2

[Event "1st Serbian League Men"]
[Site "Zlatibor SRB"]
[Date "2007.08.31"]
[Round "10"]
[White "Leskur,D"]
[Black "Kostic,VG"]
[Result "1/2-1/2"]
[WhiteElo "2482"]
[BlackElo "2395"]

1.e4 c5 2.Nf3 Nc6 3.Nc3 e6 4.d4 cxd4 5.Nxd4 Nf6 6.g3 d6 7.Bg2 Bd7 8.O-O Be7
9.h3 O-O 10.Be3 a6 11.g4 Nxd4 12.Qxd4 Bc6 13.a4 Rc8 14.Rfd1 Qc7 15.a5  1/2-1/2

[Event "FSGM September"]
[Site "Budapest HUN"]
[Date "2007.09.01"]
[Round "1"]
[White "Pilgaard,K"]
[Black "Bui Vinh"]
[Result "0-1"]
[WhiteElo "2427"]
[BlackElo "2466"]

1.e4 c5 2.Nf3 e6 3.d4 cxd4 4.Nxd4 Nc6 5.Nc3 Qc7 6.Be3 a6 7.Bd3 Nf6 8.O-O Ne5
9.Nf3 Nfg4 10.Nxe5 Nxe3 11.Qh5 g6 12.Qf3 Qxe5 13.fxe3 f6 14.Qxf6 Qxf6 15.Rxf6 Bg7
16.Rf3 b5 17.Raf1 Bb7 18.Rf7 Be5 19.Ne2 Bxb2 20.Nd4 O-O-O 21.Rg7 Rdg8 22.Rff7 Rxg7
23.Rxg7 e5 24.Nf3 Bc6 25.Ng5 Bc1 26.Kf2 d5 27.Ke2 Kb8 28.Re7 Bb2 29.Nf7 Re8
30.Rxe8+ Bxe8 31.Ng5 Bc6 32.exd5 Bxd5 33.Be4 Bxa2 34.Nxh7 a5 35.Kd2 b4 36.Nf6 Kc7
37.h4 Bc3+ 38.Kd3 Be1 39.Nd5+ Kd6 40.Nb6 Kc5 41.Nd7+ Kb5 42.Nxe5 Bc3 43.Bxg6 Bxe5
44.Be8+ Kc5 45.g4 b3 46.cxb3 Bxb3 47.g5 a4 48.Bxa4 Bxa4 49.Ke4 Kd6 50.Kf5 Bd1
51.g6 Bg7 52.Kg5 Ke6 53.h5 Bc2 54.Kf4 Bh6+  0-1

[Event "129th ch-New York State"]
[Site "New York USA"]
[Date "2007.09.01"]
[Round "2"]
[White "Davey,Mat"]
[Black "Benjamin,Joe"]
[Result "0-1"]
[WhiteElo "2157"]
[BlackElo "2576"]

1.e4 c5 2.Nf3 e6 3.Nc3 Nc6 4.d4 cxd4 5.Nxd4 Qc7 6.Be2 a6 7.O-O b5 8.Nxc6 dxc6
9.Be3 Bb7 10.f4 Be7 11.Bf3 Rd8 12.Qe1 Nf6 13.Qf2 c5 14.e5 Nd7 15.Rad1 O-O
16.Qg3 c4 17.Bxb7 Qxb7 18.f5 exf5 19.Rxf5 Qc6 20.Bg5 Bc5+ 21.Kh1 Qg6 22.Rdf1 Rde8
23.Nd5 h6 24.Bh4 Qxg3 25.Bxg3 Re6 26.c3 Be7 27.Nc7 Rc6 28.Nd5 Bd8 29.h4 Nc5
30.h5 Nd3 31.Nb4 Nxb4 32.cxb4 Be7 33.Be1 g6 34.hxg6 fxg6 35.Rxf8+ Bxf8 36.Bc3 Be7
37.Rd1 Rc7 38.Kg1 Kf7 39.Kf2 Ke6 40.Ke3 Rd7 41.Rh1 Bg5+ 42.Ke2 Rd3 43.Rf1 Re3+
44.Kf2 Rd3 45.Ke2 Be7 46.a3 h5 47.Rh1 h4 48.Rf1 g5 49.Rf2 g4 50.Rf4 g3 51.Rg4 Kf5
52.Rg7 Bg5 53.Ra7 h3 54.Rf7+ Ke4 55.gxh3 g2 56.Kf2 Rg3  0-1

[Event "Masters"]
[Site "Trieste ITA"]
[Date "2007.09.01"]
[Round "1"]
[White "Caruana,F"]
[Black "Elias,L"]
[Result "1-0"]
[WhiteElo "2549"]
[BlackElo "2122"]

1.e4 c5 2.Nf3 e6 3.d4 cxd4 4.Nxd4 Nc6 5.Nc3 Qc7 6.Be2 a6 7.O-O Nf6 8.Kh1 b5
9.Nxc6 dxc6 10.f4 b4 11.e5 bxc3 12.exf6 gxf6 13.f5 cxb2 14.Bxb2 e5 15.Qe1 Be7
16.Bc3 a5 17.Qg3 Bb7 18.Rab1 h5 19.Qg7 Rf8 20.Bxh5 Ba6 21.Rfe1 Bc4 22.Bf3 O-O-O
23.Qg4 Bd5 24.Bxe5 fxe5 25.Bxd5 Rxd5 26.f6+ Kd8 27.c4 Rd4 28.fxe7+ Qxe7 29.Qf3 Kc7
30.Qb3 Qc5 31.Rf1 Qxc4 32.Qb7+ Kd8 33.Qb8+ Ke7 34.Qxe5+  1-0

[Event "1st Serbian League Men"]
[Site "Zlatibor SRB"]
[Date "2007.09.01"]
[Round "11"]
[White "Brenjo,S"]
[Black "Tadic,B"]
[Result "1/2-1/2"]
[WhiteElo "2485"]
[BlackElo "2500"]

1.e4 c5 2.Nf3 e6 3.d4 cxd4 4.Nxd4 Nc6 5.Nc3 Qc7 6.Be2 a6 7.O-O Nf6 8.Be3 Bb4
9.Na4 Be7 10.c4 Nxe4 11.c5 O-O 12.Rc1 Rd8 13.g3 Nf6 14.Bf3 g6 15.Nb6 Rb8
16.Bg5 d5 17.cxd6 Qxd6 18.Nxc6 bxc6 19.Qxd6 Rxd6 20.Nc4 Rd8 21.Bf4 Rb4 22.a3 Rb3
23.Bd1 Rb5 24.Ba4 Rh5 25.Ne5 Bb7 26.Bxc6 Bxc6 27.Nxc6 Re8 28.b4 Nd5 29.Bd2 Bf8
30.Na5 Rd8 31.Nc6 Re8 32.Kg2 f5 33.Rfe1 f4 34.f3 g5 35.a4 Rh6 36.b5 axb5
37.axb5 e5 38.Rxe5 Rxe5 39.Nxe5 Re6 40.gxf4 gxf4 41.Re1 Bc5 42.Nc4 Be3 43.Ba5 Rg6+
44.Kh1 Ba7 45.Rb1 Kf8 46.b6 Bb8 47.Rd1 Rg5 48.Be1 Ke8 49.b7 Rh5 50.Bf2 Kd7
51.Nb6+ Kc6 52.Nxd5 Rxd5 53.Rxd5 Kxd5 54.Kg2 Kc6 55.Kh3 Kxb7 56.Kg4 Kc6 57.Kf5  1/2-1/2

[Event "IX Sants Open"]
[Site "Barcelona ESP"]
[Date "2007.09.02"]
[Round "10"]
[White "Oms Fuentes,L"]
[Black "Akesson,R"]
[Result "0-1"]
[WhiteElo "2336"]
[BlackElo "2477"]

1.e4 c5 2.Nf3 e6 3.d4 cxd4 4.Nxd4 Nc6 5.Nc3 Qc7 6.Be3 Nf6 7.Bd3 a6 8.O-O Nxd4
9.Bxd4 Bc5 10.Bxc5 Qxc5 11.a4 d6 12.Qd2 e5 13.Ne2 Be6 14.c4 a5 15.b3 h6 16.Rad1 Bg4
17.h3 Bxe2 18.Qxe2 h5 19.Bc2 h4 20.Rd2 Ke7 21.Bd1 Rh6 22.Qd3 Nd7 23.Bg4 Nb8
24.Qd5 Qxd5 25.cxd5 Na6 26.Re1 Nc5 27.Re3 Ra6 28.Be2 Ra8 29.Bb5 Rf6 30.f3 Rf4
31.Rc3 Rc8 32.Rc4 Rc7 33.Kf2 Kd8 34.b4 axb4 35.Rxb4 f5 36.Ke3 fxe4 37.fxe4 Rcf7
38.Ra2 R7f6 39.Be2 Rf2 40.Bc4 Rxa2 41.Bxa2 Rf1 42.Bc4 Re1+ 43.Be2 Ra1 44.Bb5 Ra3+
45.Ke2 Ke7 46.Kf1 Re3 47.a5 Rxe4 48.Rxe4 Nxe4 49.Ke1 Nc5 50.Kf2 Kf6 51.Ke3 Kf5
52.Be2 e4 53.Bg4+ Ke5 54.Bc8 Kxd5  0-1

[Event "XXII Open"]
[Site "Parla ESP"]
[Date "2007.09.02"]
[Round "2"]
[White "Cabanas Bravo,J"]
[Black "Serrano Salvador,E"]
[Result "0-1"]
[WhiteElo "2020"]
[BlackElo "2354"]

1.e4 c5 2.Nf3 e6 3.d4 cxd4 4.Nxd4 Nc6 5.Nc3 a6 6.Bf4 d6 7.Bg3 Nf6 8.Be2 Be7
9.Qd2 O-O 10.Nxc6 bxc6 11.e5 Nd5 12.exd6 Bxd6 13.Ne4 Be7 14.Rd1 f5 15.Nc3 f4
16.Nxd5 Qxd5 17.Bxf4 Qxg2 18.Rf1 e5 19.Bxe5 Bh3 20.Qc3 Rae8 21.Kd2 Bg5+ 22.f4 Bg4
23.Kc1 Qxe2 24.Rde1 Qb5 25.Bxg7 Rxe1+ 26.Rxe1 Rxf4 27.Kb1 Rf1 28.a4 Rxe1+
29.Qxe1 Qe2 30.Qc3 Qf1+  0-1

[Event "XXII Open"]
[Site "Parla ESP"]
[Date "2007.09.02"]
[Round "2"]
[White "Cortes Jurado,R"]
[Black "Epishin,V"]
[Result "0-1"]
[WhiteElo "2109"]
[BlackElo "2587"]

1.e4 c5 2.Nf3 Nc6 3.d4 cxd4 4.Nxd4 e6 5.Nc3 Qc7 6.Be2 Nf6 7.O-O Be7 8.Kh1 O-O
9.f4 d5 10.exd5 exd5 11.Bf3 Nxd4 12.Qxd4 Rd8 13.Qe5 Bd6 14.Qg5 h6 15.Qh4 d4
16.Ne4 Be7 17.Qf2 Bf5 18.Re1 Nxe4 19.Bxe4 Bxe4 20.Rxe4 Bf6 21.f5 Rac8 22.Re2 Rd5
23.Bf4 Qc6 24.Bg3 Qd7 25.Rf1 Rcc5 26.Qe1 Rxf5 27.h3 Kh7 28.Ref2 Rxf2 29.Qxf2 Qc6
30.Rc1 Bg5 31.Ra1  0-1

[Event "Masters"]
[Site "Trieste ITA"]
[Date "2007.09.02"]
[Round "2"]
[White "Borisek,J"]
[Black "Ramesa,D"]
[Result "1-0"]
[WhiteElo "2506"]
[BlackElo "2310"]

1.e4 c5 2.Nf3 e6 3.d4 cxd4 4.Nxd4 Nc6 5.Nc3 Qc7 6.Be3 a6 7.Qd2 Nf6 8.O-O-O Bb4
9.f3 Ne5 10.Nb3 b5 11.Qe1 Be7 12.f4 Ng6 13.e5 Ng4 14.Ne4 Bb7 15.Nd6+ Bxd6
16.exd6 Qc8 17.Bd4 O-O 18.Qg3 f5 19.Be2 Nf6 20.h4 Ne4 21.Qh2 Nh8 22.Rhg1 Nf7
23.g4 Nfxd6 24.h5 Rf7 25.Be5 Nc4 26.Bd4 Ncd6 27.Nd2 fxg4 28.Bxg4 h6 29.Nf3 Nc4
30.b3 Na3 31.Kb2 Qxc2+ 32.Qxc2 Nxc2 33.Kxc2 Rxf4 34.Be3 Rf6 35.Rxd7 Bd5 36.Ne5 Rc8+
37.Kb2 Re8 38.Bd1 Ng5 39.Bxg5 hxg5 40.Rxg5 Rf2+ 41.Bc2 Rc8 42.Rgxg7+  1-0

[Event "XV Open"]
[Site "Albacete ESP"]
[Date "2007.09.03"]
[Round "2"]
[White "Sanchez Jerez,E"]
[Black "Lazarev,V"]
[Result "0-1"]
[WhiteElo "2145"]
[BlackElo "2498"]

1.e4 c5 2.Nc3 Nc6 3.Nf3 e6 4.d4 cxd4 5.Nxd4 Qc7 6.Be2 a6 7.O-O Nf6 8.Be3 b5
9.Bf3 Bb7 10.Re1 Ne5 11.Bf4 d6 12.a3 Be7 13.Nb3 O-O 14.Nc1 Rac8 15.Nd3 Nxf3+
16.Qxf3 Nxe4 17.Nxe4 f5 18.Ndc5 fxe4 19.Nxe4 g5 20.Qg3 Rxf4 21.Nxg5 Bxg5
22.Rxe6 Qg7  0-1

[Event "XV Open"]
[Site "Albacete ESP"]
[Date "2007.09.03"]
[Round "2"]
[White "Garcia Moreno,C"]
[Black "Pogorelov,R"]
[Result "1/2-1/2"]
[WhiteElo "2118"]
[BlackElo "2453"]

1.e4 c5 2.Nf3 e6 3.d4 cxd4 4.Nxd4 Nc6 5.Nc3 Qc7 6.Nb3 a6 7.Bd3 Nf6 8.O-O Be7
9.f4 d6 10.Qe2 O-O 11.Bd2 b5 12.a3 Bb7 13.Kh1 Rfe8 14.Rf3 b4 15.axb4 Nxb4
16.Na5 Nxd3 17.Rxd3 d5 18.e5 Ne4 19.Nxe4 dxe4 20.Rb3 Bd5 21.c4 Bc6 22.Nxc6 Qxc6
23.Re3 Rab8 24.Bc3 Bb4 25.Bd4 Rec8 26.Rc1 Bc5 27.Rxe4 a5 28.h3 h6 29.Bc3 a4
30.Qc2 Bb4 31.Bxb4 Rxb4 32.Rd4 Rcb8 33.Rcd1 g6 34.Rd8+ Rxd8 35.Rxd8+ Kg7
36.Rd4 Qc5 37.Re4 Rb3 38.Kh2 h5 39.Qe2 Rb4 40.h4 Qb6 41.c5 Qxc5 42.Rxb4 Qxb4
43.g3 Qb3 44.Qd2 Qc4 45.Kg2 Qc6+ 46.Kh2 Qb6 47.Qc2 Qd4 48.Kg2 Qd5+ 49.Kh2  1/2-1/2

[Event "UK-CHN Match"]
[Site "Liverpool ENG"]
[Date "2007.09.05"]
[Round "2"]
[White "Ding Yixin"]
[Black "Arakhamia,K"]
[Result "1/2-1/2"]
[WhiteElo "2278"]
[BlackElo "2418"]

1.e4 c5 2.Nf3 e6 3.d4 cxd4 4.Nxd4 Nc6 5.Nc3 d6 6.Be2 Nf6 7.O-O Be7 8.Be3 O-O
9.f4 Bd7 10.Kh1 Nxd4 11.Bxd4 Bc6 12.Bf3 Nd7 13.Qe1 e5 14.Be3 exf4 15.Bxf4 Ne5
16.Rd1 Bf6 17.Be2 Rc8 18.Bg3 Qe7 19.Qf2 a6 20.h3 Rfd8 21.Rfe1 b5 22.Bf1 Qc7
23.Nd5 Bxd5 24.Rxd5 Qxc2 25.Qxc2 Rxc2 26.Red1 Nc6 27.Rxd6 Rxd6 28.Rxd6 h6
29.Kh2 Bxb2 30.Bd3 Rc1 31.e5 Ba3 32.Rd7 g5 33.h4 Bb2 34.hxg5 hxg5 35.Rc7 Nb4
36.Rxc1 Bxc1 37.Bb1 Bb2 38.Kh3 Nc6 39.Kg4 Bxe5 40.Bxe5 Nxe5+ 41.Kxg5 Kg7
42.Be4 Nc4 43.g4 a5 44.Bd3 Nd6 45.Kf4 Kf6 46.g5+ Ke6 47.g6 fxg6 48.Bxg6 Kd5
49.Ke3 Nc4+ 50.Ke2 Kd4 51.Kd1 Kc3 52.Kc1 Nd2 53.Be8 b4 54.Ba4 Ne4 55.Kb1 Nc5
56.Be8 a4 57.Bf7 Ne4 58.Bg8 Nd2+ 59.Ka1 Nc4 60.Kb1 Na3+ 61.Kc1 Nc2 62.Bf7 Nd4
63.Bg8 Ne2+ 64.Kb1 Kd2 65.Kb2 Nc1 66.Bf7 a3+ 67.Kb1 Ne2 68.Bg8 Nc3+ 69.Ka1 Kc1
70.Bh7 Nb5 71.Bg6 Nd4 72.Bh7 Nc2+  1/2-1/2

[Event "ch-Africa Men"]
[Site "Windhoek NAM"]
[Date "2007.09.05"]
[Round "5"]
[White "Andrade,I"]
[Black "Steel,H"]
[Result "0-1"]
[WhiteElo "2134"]
[BlackElo "2200"]

1.e4 c5 2.Nf3 e6 3.d4 cxd4 4.Nxd4 Nc6 5.Nc3 a6 6.Be3 Nf6 7.Qd2 Bb4 8.f3 d5
9.a3 Qa5 10.exd5 Nxd5 11.Nb3 Bxc3 12.Nxa5 Bxd2+ 13.Bxd2 Nxa5 14.Bxa5 Ne3
15.Kf2 Nxf1 16.Rd1 O-O 17.Rhxf1 b5 18.b3 Bb7 19.c4 Rfc8 20.Rc1 Bc6 21.c5 Bd5
22.b4 Kf8 23.Rfd1 Ke7 24.Rd3 Kd7 25.Ra1 Kc6 26.h4 Rg8 27.Bb6 g5 28.h5 g4
29.f4 g3+ 30.Kg1 Rg4 31.f5 Rag8 32.fxe6 fxe6 33.Rf1 Rc4 34.Re3 Rc2 35.Rf7 Rg7
36.Rf6 Rxg2+ 37.Kf1 Rh2 38.Rfxe6+ Bxe6 39.Rxe6+ Kd5 40.Rd6+ Ke5 41.Kg1 g2
42.Rg6 hxg6 43.Kxh2 gxh5 44.c6 Kd6  0-1

[Event "60th ch-RUS Higher League"]
[Site "Krasnoyarsk RUS"]
[Date "2007.09.06"]
[Round "4"]
[White "Panarin,M"]
[Black "Grachev,B"]
[Result "1/2-1/2"]
[WhiteElo "2529"]
[BlackElo "2601"]

1.e4 c5 2.Nf3 e6 3.d4 cxd4 4.Nxd4 Nc6 5.Nc3 Qc7 6.Be2 Nf6 7.O-O Be7 8.Be3 O-O
9.f4 d6 10.Kh1 Nxd4 11.Qxd4 b6 12.f5 Bb7 13.fxe6 fxe6 14.Qc4 Qxc4 15.Bxc4 d5
16.exd5 Nxd5 17.Nxd5 Bxd5 18.Bxd5 exd5 19.Rxf8+ Rxf8 20.Kg1 Kf7 21.Bd4 Bf6
22.Bxf6 gxf6 23.Re1 Rc8 24.Re2  1/2-1/2

[Event "12th ch-Asia w"]
[Site "Tehran IRI"]
[Date "2007.09.06"]
[Round "4"]
[White "Ramaswamy,A"]
[Black "Mongontuul,B"]
[Result "1-0"]
[WhiteElo "2281"]
[BlackElo "2405"]

1.e4 c5 2.Nf3 e6 3.d4 cxd4 4.Nxd4 Nc6 5.Nc3 d6 6.Be2 Nf6 7.O-O Be7 8.Be3 O-O
9.f4 a6 10.a4 Bd7 11.Nb3 Na5 12.Bd3 Nxb3 13.cxb3 Bc6 14.Kh1 b5 15.Qc2 Rc8
16.e5 Ng4 17.Bxh7+ Kh8 18.Qe2 Bxg2+ 19.Qxg2 Nxe3 20.Qh3 Nxf1 21.Qh5  1-0

[Event "Masters"]
[Site "Trieste ITA"]
[Date "2007.09.07"]
[Round "8"]
[White "Baklan,V"]
[Black "Bosiocic,Mari"]
[Result "1-0"]
[WhiteElo "2648"]
[BlackElo "2496"]

1.e4 c5 2.Nf3 e6 3.Nc3 Nc6 4.d4 cxd4 5.Nxd4 Qc7 6.g3 a6 7.Bg2 d6 8.O-O Bd7
9.Nxc6 Bxc6 10.a4 Nf6 11.a5 Be7 12.Be3 Nd7 13.Na4 O-O 14.Nb6 Rae8 15.c4 Nxb6
16.Bxb6 Qd7 17.Qd3 f5 18.Rad1 Bxe4 19.Bxe4 fxe4 20.Qxe4 Rf5 21.Rfe1 Bf6 22.b3 Re5
23.Qd3 Rxe1+ 24.Rxe1 Be7 25.Qe4 Bf8 26.h4 Re7 27.Rd1 Rf7 28.Rd3 Rf6 29.b4 Rf5
30.g4 d5 31.gxf5  1-0

[Event "Czech Coal"]
[Site "Carlsbad CZE"]
[Date "2007.09.08"]
[Round "1"]
[White "Shirov,A"]
[Black "Laznicka,V"]
[Result "0-1"]
[WhiteElo "2735"]
[BlackElo "2594"]

1.e4 c5 2.Nf3 e6 3.d4 cxd4 4.Nxd4 Nc6 5.Nc3 a6 6.Nxc6 bxc6 7.Bd3 d5 8.O-O Nf6
9.Re1 Be7 10.e5 Nd7 11.Qg4 g6 12.Bh6 Rb8 13.Rab1 Rb4 14.Qe2 Rh4 15.Bd2 Qb6
16.g3 Rh5 17.Na4 Qd4 18.b4 Rxe5 19.Be3 Rxe3 20.Qxe3 Qxe3 21.Rxe3 e5 22.c4 d4
23.Re2 f5 24.f3 Kd8 25.c5 Bg5 26.Nb2 Be3+ 27.Kg2 Nf6 28.Nc4 e4 29.fxe4 fxe4
30.Rxe3 dxe3 31.Be2 Nd5 32.Rb3 Be6 33.Nxe3 Kc7 34.Nc2 Rd8 35.Ra3 Nf6 36.Kf1 Rd2
37.Ne3 Rb2 38.Rxa6 Rxb4 39.Nc2 Rb2 40.Nd4 Bd5 41.Ra7+ Kb8 42.Re7 Rxa2 43.Nxc6+ Bxc6
44.Re6 Ra1+ 45.Kg2 Kc7 46.Rxf6 e3+ 47.Kh3 Ra2 48.Rf7+ Kd8 49.Bd3 Rd2 50.Ba6 Bd7+
51.g4 e2 52.Bxe2 Rxe2 53.c6 Be6 54.Rxh7 Re4 55.Rh4 Ke7 56.Kg3 Rc4 57.c7 Rxc7
58.Rh7+ Bf7 59.h4 Kf6 60.h5 g5 61.Rh6+ Ke5 62.Rh8 Rc3+ 63.Kh2 Bd5 64.Rf8 Be4
65.Rf7 Rf3 66.Re7+ Kf4 67.h6 Rf2+ 68.Kh3 Bg2+ 69.Kh2 Bf3+ 70.Kg1 Kg3  0-1

[Event "60th ch-RUS Higher League"]
[Site "Krasnoyarsk RUS"]
[Date "2007.09.08"]
[Round "5"]
[White "Smirnov,P"]
[Black "Novikov,St"]
[Result "1/2-1/2"]
[WhiteElo "2636"]
[BlackElo "2562"]

1.e4 c5 2.Nf3 e6 3.d4 cxd4 4.Nxd4 Nc6 5.Nc3 Qc7 6.Be3 Nf6 7.Ndb5 Qb8 8.f4 a6
9.e5 axb5 10.exf6 b4 11.Qg4 g6 12.Nb5 b6 13.Bd3 Ra5 14.Qe2 Ba6 15.c3 Bc5
16.a4 bxa3 17.b4 Bxe3 18.Qxe3 Bxb5 19.bxa5 Bxd3 20.Qxd3 Qxf4 21.axb6 O-O
22.Qf3 Qe5+ 23.Kf2 Rb8 24.Rhb1 Qxh2 25.Rxa3 Qd6 26.Rab3 Ne5 27.Qd1 Qxd1 28.Rxd1 Kf8
29.c4 Ng4+ 30.Ke2 Nxf6 31.Rf3 Ng4 32.c5 Ke7 33.Ra3 Ne5 34.Ra7 Rc8 35.Rb1 Nc6
36.Rb7 h5 37.Rc7 Kd8 38.Rxc6 dxc6 39.Rd1+ Ke7 40.Rd6 g5 41.Ke3 h4 42.Rxc6 Rxc6
43.b7 Rxc5 44.b8=Q Rf5 45.Qg8 Kf6 46.Qh7 Rf4 47.Qh6+ Kf5 48.Qh5 f6 49.Qe8 e5
50.Qh5 Re4+ 51.Kf2 Rf4+ 52.Ke3 Re4+ 53.Kf2 Rf4+ 54.Kg1 Ke4 55.Qh7+ Ke3 56.Qd7 Ke2
57.Qb5+ Kd2 58.Qb3 e4 59.Qb2+ Ke1 60.Qc2 e3 61.Qd3 e2 62.Qc2 Rf1+ 63.Kh2 g4
64.Qc1+ Kf2 65.Qf4+ Ke1 66.Qc1+  1/2-1/2

[Event "4th LGA Premium Cup"]
[Site "Nuernberg GER"]
[Date "2007.09.08"]
[Round "5"]
[White "Koepke,C"]
[Black "Bogner,S"]
[Result "1-0"]
[WhiteElo "2295"]
[BlackElo "2371"]

1.e4 c5 2.Nf3 e6 3.d4 cxd4 4.Nxd4 Nc6 5.Nc3 Qc7 6.Be3 a6 7.Be2 Nf6 8.a3 Be7
9.f4 d6 10.g4 h6 11.h4 Nxd4 12.Qxd4 e5 13.Qd3 Bxg4 14.Bxg4 Nxg4 15.Nd5 Qc6
16.O-O-O Nf6 17.Rhg1 g6 18.Rgf1 Nxd5 19.exd5 Qd7 20.fxe5 dxe5 21.d6 Bf8 22.Qd5 O-O-O
23.Rxf7 Qc6 24.d7+  1-0

[Event "LNA Copa Puma"]
[Site "Argentina ARG"]
[Date "2007.09.09"]
[Round "5"]
[White "Koch,Ju"]
[Black "Alza,A"]
[Result "1-0"]
[WhiteElo "2114"]
[BlackElo "2122"]

1.e4 c5 2.Nf3 e6 3.d4 cxd4 4.Nxd4 Nc6 5.Nc3 Qc7 6.g3 a6 7.Bg2 Nf6 8.O-O Nxd4
9.Qxd4 Bc5 10.Bf4 d6 11.Qd3 h6 12.Rad1 e5 13.Be3 Ke7 14.h3 Be6 15.Rfe1 Rac8
16.Bxc5 Qxc5 17.Qe3 b5 18.a3 a5 19.Rd2 b4 20.axb4 axb4 21.Na4 Qxe3 22.Rxe3 Rc6
23.b3 Rhc8 24.Ree2 R8c7 25.g4 g5 26.Nb2 Nh7 27.Nd1 Nf8 28.Ne3 Ng6 29.Re1 Ra7
30.Nf5+ Kd7 31.Red1 Raa6 32.Bf1 Rab6 33.Nxh6 Nf4 34.Nf5 Bxf5 35.gxf5 Rc3
36.Kh2 Ke7 37.Ra1 Rb7 38.Ra6 Rbc7 39.Raxd6 Rxc2 40.f6+  1-0